The right to privacy

Saved in:
Bibliographic Details
Main Author: Alderman, Ellen
Other Authors: Kennedy, Caroline 1957-
Format: Book
Language:English
Published: New York : Vintage Books, c1997
Subjects:
Tags: Add Tag
No Tags, Be the first to tag this record!

MARC

LEADER 00000nam a2200000 i 4500
001 1/63681
008 071120s1997 eng d
020 |a 0-679-74434-7 
035 |l 10092409 
040 |a GR-MY-UA  |b gre  |e aacr 
041 0 |a eng 
082 0 |a 323.4480973  |2 (22) 
100 1 |a Alderman, Ellen. 
245 1 4 |a The right to privacy /  |c Ellen Alderman and Caroline Kennedy 
260 |a New York :   |b Vintage Books,   |c c1997 
300 |a xvi, 413 σ.;  |c 20 εκ. 
504 |a Βιβλιογραφία: σ. 399-400. Ευρετήριο 
650 0 0 |a Privacy, Right of  |z United States. 
700 1 |a Kennedy, Caroline  |d 1957- 
852 |a INST  |b SYROS  |e 20071120  |h 323.4480973 ALD  |p 005500006938  |q 005500006938  |t BK  |y 0 
901 |a BIBL5-2007-3 
909 |a Ε  |b 140303 
922 |a 5ΕΛΗ  |b 200711  |c ΕΠΕΑΕΚ2/ΤΜΣΠΣ  |d ΠΑΠΑΣΩΤΗΡΙΟΥ 
970 |a ΚΟΝΤΟΥ  |b ΠΑΡΑΣΚΕΥΗ  |z 2007/11/20